De la pedagogía / (Record no. 92860)
[ view plain ]
| 000 -CABECERA | |
|---|---|
| campo de control de longitud fija | 00646nam a2200229 a 4500 |
| 005 - FECHA Y HORA DE LA ÚLTIMA TRANSACCIÓN | |
| campo de control | 20260221063946.0 |
| 008 - ELEMENTOS DE LONGITUD FIJA--INFORMACIÓN GENERAL | |
| campo de control de longitud fija | 021028s1999 ag r 000 0 spa d |
| 020 ## - NÚMERO INTERNACIONAL NORMALIZADO PARA LIBROS | |
| Número Internacional Estándar del Libro | 9501221423 |
| 035 ## - NÚMERO DE CONTROL DEL SISTEMA | |
| Número de control de sistema | UPN01000120526 |
| 049 ## - COLECCIÓN | |
| Colección | CG |
| 050 #4 - SIGNATURA TOPOGRÁFICA DE LA BIBLIOTECA DEL CONGRESO | |
| Número de clasificación | LB775 P5.2 |
| Número de documento/Ítem | D4.38 |
| 100 1# - ASIENTO PRINCIPAL--NOMBRE PERSONAL | |
| Nombre de persona | Piaget, Jean, |
| Fechas asociadas al nombre | 1896-1980 |
| 245 10 - MENCIÓN DE TÍTULO | |
| Título | De la pedagogía / |
| Mención de responsabilidad, etc. | Jean Piaget. |
| 260 ## - PUBLICACIÓN, DISTRIBUCIÓN, ETC. | |
| Lugar de publicación, distribución, etc. | Buenos Aires : |
| Nombre del editor, distribuidor, etc. | Paidós, |
| Fecha de publicación, distribución, etc. | c1999. |
| 300 ## - DESCRIPCIÓN FÍSICA | |
| Extensión | 272 p. |
| 440 #0 - MENCIÓN DE SERIE/ASIENTO SECUNDARIO--TÍTULO | |
| Título | Paidós educador ; |
| Designación de volumen o secuencia | 142 |
| 534 ## - NOTA SOBRE LA VERSIÓN ORIGINAL | |
| Frase introductoria | Traducción de: |
| Mención de título del original | De la pédagogie |
| 600 14 - ASIENTO SECUNDARIO DE MATERIA - NOMBRE PERSONAL | |
| Nombre de persona | PIAGET, JEAN, |
| Fechas asociadas al nombre | 1896-1980 |
| 650 #4 - ASIENTO SECUNDARIO DE MATERIA - TERMINO TEMATICO | |
| Término de materia o nombre geográfico como elemento de entrada | Educación |
| Subdivisión general | Filosofía |
| 9 (RLIN) | 4994 |
| 650 #4 - ASIENTO SECUNDARIO DE MATERIA - TERMINO TEMATICO | |
| Término de materia o nombre geográfico como elemento de entrada | Psicopedagogía |
| 9 (RLIN) | 5085 |
| 905 ## - TIPO DE MATERIAL | |
| Tipo de material | Libro |
| Estado de retiro | Estado de pérdida | Fuente del sistema de clasificación o colocación | Estado dañado | No para préstamo | Código de colección | Localización permanente | Ubicación/localización actual | Ubicación en estantería | Fecha de adquisición | Total de préstamos | Renovaciones totales | Clasificación | Código de barras | Fecha visto por última vez | Fecha del último préstamo | Número de copia | Tipo de ítem Koha |
|---|---|---|---|---|---|---|---|---|---|---|---|---|---|---|---|---|---|
| Library of Congress Classification | Colección General | Bib. Gregorio Torres Quintero | Bib. Gregorio Torres Quintero | Planta baja | 08/03/2022 | 26 | 1 | LB775 P5.2 D4.3 | 299263 | 08/03/2025 | 22/02/2025 | 1 | Libro | ||||
| Library of Congress Classification | En restauración | Colección General | Bib. Gregorio Torres Quintero | Bib. Gregorio Torres Quintero | Planta baja | 16/05/2023 | 62 | LB775 P5.2 D4.3 | 193069 | 31/12/2020 | 1 | Libro |
